Províncias do Brasil em 1822 - Statistics

Estatísticas Gerais
  • Esse quiz foi jogado 6 566 vezes
  • A pontuação média é 17 de 19
Respostas no mapa
Respostas codificadas por cores de uma escala verde-vermelha no mapa do quiz de acordo com a % correta abaixo.
 
Estatísticas das Respostas
Província % Correto
Rio de Janeiro
99%
São Paulo
97%
Bahia
96%
Grão-Pará
96%
Minas Gerais
96%
São Pedro do Rio Grande do Sul
96%
Espirito Santo
94%
Mato Grosso
94%
Pernambuco
93%
Ceará
92%
Rio Grande do Norte
92%
Santa Catarina
91%
Sergipe
91%
Alagoas
90%
Maranhão
90%
Goiás
89%
Piauí
89%
Paraíba
87%
Cisplatina
71%
Nenhum quiz correspondente encontrado
Distribuição das Pontuações
Porcentagem de Pessoas com Cada Pontuação
Percentil de Números Respondidos
Sua Pontuação Histórica
Você não jogou esse quiz